000
00222 a2200097 4500
001
46995
100
_a
Miksche F
245
_a
The Failure of Atomic Strategy
260
_a
London
_b
Faber & Faber
_c
090
_c
30064
_d
30064
942
_a
NUST-CAE
_c
M
_c
22297
999
_c
282068
_d
282068